[Event "Challenge"]
[Site "http://www.queenalice.com/game.php?id=487226"]
[Date "2008.11.2"]
[Round "-"]
[White "perfrh"]
[Black "marcet"]
[Result "1-0"]
[WhiteElo "1861"]
[BlackElo "1868"]

1. e4 e6 2. d4 d5 3. Nc3 Nf6 4. Bg5 Be7 5. e5 Nfd7 6. h4 O-O 7. Bd3 h6 8. Qh5 f6
9. Bxh6 f5 10. Bg5 Nf6 11. exf6 Bxf6 12. Nf3 Bd7 13. Ne5 Be8 14. Ng6 Bxg6 15.
Qxg6 Qe8 16. Qxe8 Rxe8 17. Bxf6 gxf6 18. O-O-O Nc6 19. Bb5 a6 20. Bxc6 bxc6 21.
Na4 e5 22. dxe5 fxe5 23. Rde1 Kg7 24. Kd1 Rab8 25. b3 Rb4 26. c3 Rg4 27. Nc5 a5
28. h5 d4 29. f3 Rxg2 30. cxd4 Rxa2 31. dxe5 Ra1+ 32. Kd2 Rxe1 33. Rxe1 Kh6 34.
e6 Kxh5 35. Na6 Kg5 36. Nxc7 Re7 37. Na6 Kf4 38. Re3 Kg5 39. Nc5 Kh4 40. Rd3 Kg3
41. Rd7 Re8 42. e7 Kxf3 43. Ne6 f4 44. Ng7 1-0

[Event "Challenge"]
[Site "http://www.queenalice.com/game.php?id=489722"]
[Date "2008.11.7"]
[Round "-"]
[White "perfrh"]
[Black "marcet"]
[Result "1-0"]
[WhiteElo "1854"]
[BlackElo "1885"]

1. e4 e6 2. d4 d5 3. Nc3 Nf6 4. Bg5 Be7 5. e5 Nfd7 6. h4 O-O 7. Qh5 f6 8. Bd3 g6
9. Bxg6 hxg6 10. Qxg6+ Kh8 11. Qh5+ Kg8 12. Bh6 Qe8 13. Qg4+ Kh7 14. Qg7# 1-0

[Event "AUTO-ADV-1104"]
[Site "http://www.queenalice.com/game.php?id=491278"]
[Date "2008.11.10"]
[Round "1"]
[White "CONTEMPLATIF"]
[Black "perfrh"]
[Result "0-1"]
[WhiteElo "1593"]
[BlackElo "1876"]

1. Nf3 b6 2. d4 Bb7 3. g3 Bxf3 4. exf3 d5 5. Nc3 Nf6 6. Bg2 e6 7. Bg5 Be7 8. a3
Nbd7 9. O-O O-O 10. Ne2 c5 0-1

[Event "AUTO-ADV-1104"]
[Site "http://www.queenalice.com/game.php?id=491294"]
[Date "2008.11.10"]
[Round "1"]
[White "Pegasus"]
[Black "perfrh"]
[Result "0-1"]
[WhiteElo "1758"]
[BlackElo "1877"]

1. d4 e6 2. c4 Nf6 3. Qc2 d5 4. Nf3 c5 5. dxc5 Bxc5 6. Bg5 Be7 7. Nbd2 Nbd7 8.
cxd5 Nxd5 9. Bxe7 Qxe7 10. e4 Nb4 11. Qc1 Nc5 12. Bb5+ Bd7 13. Bxd7+ Qxd7 14.
Qxc5 Nd3+ 0-1

[Event "AUTO-ADV-1104"]
[Site "http://www.queenalice.com/game.php?id=491295"]
[Date "2008.11.10"]
[Round "1"]
[White "perfrh"]
[Black "Pegasus"]
[Result "1-0"]
[WhiteElo "1893"]
[BlackElo "1733"]

1. e4 c5 2. Nf3 d6 3. d4 Nf6 4. dxc5 Qa5+ 5. Nc3 Qxc5 6. Be3 Qa5 7. Bd2 Qd8 8.
Bc4 h6 9. O-O e6 10. e5 dxe5 11. Nxe5 Nc6 12. Bb5 Bd7 13. Bxc6 Bxc6 14. Nxc6
bxc6 15. Bf4 Nd5 16. Nxd5 cxd5 17. c3 Bd6 18. Qd4 O-O 19. Be3 1-0

[Event "AUTO-ADV-1104"]
[Site "http://www.queenalice.com/game.php?id=491306"]
[Date "2008.11.10"]
[Round "1"]
[White "perfrh"]
[Black "josecastroman"]
[Result "1-0"]
[WhiteElo "1882"]
[BlackElo "1764"]

1. e4 e5 2. Nf3 Nc6 3. Bb5 Qf6 4. d3 h6 5. Bxc6 dxc6 6. a3 Bg4 7. Nbd2 Bc5 8. c3
O-O-O 9. Qe2 g5 10. h3 Bh5 11. g4 Bg6 12. Nb3 Bb6 13. Be3 Ne7 14. a4 Bxe3 15.
Qxe3 Kb8 16. Nc5 h5 17. Ke2 h4 18. b4 Qd6 19. Rhd1 f6 20. a5 Nc8 21. c4 Rhe8 22.
a6 bxa6 23. Nxa6+ Kb7 24. b5 cxb5 25. Nc5+ Ka8 26. Ra6 1-0

[Event "AUTO-ADV-1104"]
[Site "http://www.queenalice.com/game.php?id=491307"]
[Date "2008.11.10"]
[Round "1"]
[White "josecastroman"]
[Black "perfrh"]
[Result "0-1"]
[WhiteElo "1776"]
[BlackElo "1870"]

1. e4 e6 2. Nf3 d5 3. exd5 exd5 4. d4 Bg4 5. h3 Qe7+ 6. Be3 Bh5 7. Nc3 Nf6 8. g4
Bg6 9. Qd2 Ne4 10. Nxe4 Bxe4 11. Bg2 Nc6 12. a3 O-O-O 13. O-O-O h6 14. Ne1 g5
15. f3 Bg6 16. Bf1 Bg7 17. Bb5 Qd6 18. Nd3 f5 19. Qc3 f4 20. Bf2 Be8 21. Rhe1
Bd7 22. Nc5 Nb8 23. Bxd7+ Nxd7 24. Re6 Qxc5 25. Qxc5 Nxc5 0-1

[Event "Challenge"]
[Site "http://www.queenalice.com/game.php?id=499715"]
[Date "2008.11.28"]
[Round "-"]
[White "perfrh"]
[Black "no_master"]
[Result "0-1"]
[WhiteElo "1888"]
[BlackElo "1927"]

1. e4 e6 2. d4 d5 3. Nc3 Bb4 4. e5 c5 5. Qg4 Ne7 6. dxc5 Nbc6 7. Bb5 Bxc3+ 8.
bxc3 Qa5 9. Qb4 Qc7 10. Bg5 O-O 11. Bxc6 Nxc6 12. Qg4 Qxe5+ 13. Be3 Qxc3+ 14.
Bd2 Qxa1+ 15. Ke2 e5 16. Nf3 Qxa2 17. Bh6 Qxc2+ 18. Nd2 Bxg4+ 0-1

[Event "Challenge"]
[Site "http://www.queenalice.com/game.php?id=500037"]
[Date "2008.11.29"]
[Round "-"]
[White "perfrh"]
[Black "Sigmund"]
[Result "1/2-1/2"]
[WhiteElo "1874"]
[BlackElo "1773"]

1. g4 e5 2. Bg2 d5 3. h3 Be6 4. c4 c6 5. Qb3 Qb6 6. Qxb6 axb6 7. cxd5 Bxd5 8. e4
Be6 9. a3 Bc5 10. Nc3 Nf6 11. g5 Nh5 12. d3 Nd7 13. Bf3 Nf4 14. Bxf4 exf4 15.
Nge2 Ne5 16. Nxf4 Nxf3+ 17. Ke2 Nxg5 18. h4 Nxe4 19. Nxe4 O-O 20. Nxc5 bxc5 21.
Rac1 b6 22. Nxe6 fxe6 23. Rh3 Rf5 24. Re3 e5 25. Re4 Raf8 26. Rf1 h6 27. Ke3
Rf3+ 28. Ke2 R8f5 29. Rxe5 Rxf2+ 30. Rxf2 Rxe5+ 31. Kd2 Rd5 32. Ke3 Rd4 33. Rf4
Rxf4 1/2-1/2

[Event "1026"]
[Site "http://www.queenalice.com/game.php?id=506227"]
[Date "2008.12.11"]
[Round "-"]
[White "perfrh"]
[Black "phystutordotcom"]
[Result "0-1"]
[WhiteElo "1870"]
[BlackElo "1974"]

1. g4 g6 2. Bg2 Bg7 3. d4 d5 4. e3 Nf6 5. h3 h5 6. Nd2 hxg4 7. hxg4 Rxh1 8. Bxh1
Bxg4 9. f3 Bh5 10. c3 Qd6 11. Qe2 Nc6 12. e4 dxe4 13. Nxe4 Nxe4 14. Qxe4 Qh2 15.
Be3 Qxh1 16. Ke2 Qh2+ 17. Bf2 O-O-O 18. d5 Ne5 19. Rd1 f5 20. Qa4 Nxf3 21. Nxf3
Bxf3+ 22. Kxf3 c6 23. Qxa7 Qh5+ 24. Kg2 Qxd1 25. Qa8+ Kd7 26. Qxb7+ Ke8 27.
Qxc6+ Kf8 28. Qxg6 Qg4+ 0-1

[Event "Challenge"]
[Site "http://www.queenalice.com/game.php?id=506762"]
[Date "2008.12.12"]
[Round "-"]
[White "Sigmund"]
[Black "perfrh"]
[Result "1-0"]
[WhiteElo "1797"]
[BlackElo "1858"]

1. e4 e6 2. Nf3 d5 3. d3 dxe4 4. dxe4 Qxd1+ 5. Kxd1 Bc5 6. Be3 Bxe3 7. fxe3 Nf6
8. Nc3 O-O 9. Nb5 Na6 10. Bd3 Bd7 11. Nfd4 Rfc8 12. h3 Nb4 13. e5 Nfd5 14. Rf1
Nxd3 15. cxd3 Nxe3+ 16. Ke2 Nxf1 17. Rxf1 Bxb5 18. Nxb5 a6 19. Nc3 b6 20. Ne4
Rd8 21. Ng5 Rf8 22. Ke3 h6 23. Ne4 Rad8 24. g4 Rd5 25. d4 Rfd8 26. Rd1 c5 27.
Rg1 cxd4+ 28. Kf4 Rxe5 29. Kxe5 g5 30. Rd1 d3 31. Nd6 Kg7 32. Rxd3 Kf8 33. Rf3
f6+ 34. Rxf6+ Ke7 35. Rf7# 1-0

[Event "AUTO-ADV-1178"]
[Site "http://www.queenalice.com/game.php?id=521406"]
[Date "2009.1.12"]
[Round "1"]
[White "Luciano_Matte"]
[Black "perfrh"]
[Result "1-0"]
[WhiteElo "1960"]
[BlackElo "1855"]

1. Nf3 d5 2. d4 Nc6 3. g3 h6 4. Bg2 Nf6 5. O-O e5 6. dxe5 Ng4 7. c4 Be6 8. cxd5
Bxd5 9. Nc3 Bxf3 10. Bxf3 Ngxe5 11. Bg2 Be7 12. Qb3 Rb8 13. Rd1 Nd7 14. Bh3 Bd6
15. Nb5 Qf6 16. Bxd7+ Kxd7 17. Bf4 Ne5 18. Nxd6 cxd6 19. Rd5 Ke7 20. Rc1 Rhd8
21. Rc7+ Kf8 22. Rxb7 Rxb7 23. Qxb7 g5 24. Bxe5 dxe5 25. Rd7 Rxd7 26. Qxd7 Qe7
27. Qxe7+ Kxe7 28. Kg2 Kd6 29. Kf3 f5 30. Ke3 Kc5 31. Kd3 h5 32. e4 f4 33. Kc3
a6 34. a4 a5 35. h4 g4 36. b4+ axb4+ 37. Kb3 Kd4 38. a5 fxg3 39. fxg3 Kxe4 40.
a6 Kf3 41. a7 Kxg3 42. a8=Q Kxh4 43. Qg2 g3 44. Kxb4 Kg4 45. Kc4 h4 46. Qe4+ Kh3
47. Kd3 Kh2 48. Qxh4+ Kg2 49. Ke3 e4 50. Kxe4 Kf2 51. Kf4 1-0

[Event "AUTO-ADV-1178"]
[Site "http://www.queenalice.com/game.php?id=521407"]
[Date "2009.1.12"]
[Round "1"]
[White "perfrh"]
[Black "Luciano_Matte"]
[Result "0-1"]
[WhiteElo "1843"]
[BlackElo "1958"]

1. g4 d5 2. Bg2 Bxg4 3. c4 Nf6 4. Qb3 b6 5. cxd5 Qd6 6. Nc3 a6 7. e4 e5 8. d3
Be7 9. Be3 Nbd7 10. Nge2 Bxe2 11. Nxe2 O-O 12. h3 Nc5 13. Bxc5 Qxc5 14. Rc1 Qa5+
15. Kd1 Bd6 16. a3 b5 17. Qc3 Qb6 18. Ke1 b4 19. Qc6 bxa3 20. Qxb6 cxb6 21. bxa3
Bxa3 22. Rc6 b5 23. f4 exf4 24. Nxf4 b4 25. Ne2 b3 26. Kf2 Rfc8 27. Nc3 a5 28.
Rb1 Rxc6 29. dxc6 a4 30. e5 Ne8 31. c7 Rc8 32. Nxa4 Nxc7 33. Rxb3 Be7 34. d4 Rd8
35. Rb7 Bh4+ 36. Ke2 Ne6 37. Ke3 Nxd4 38. Nb6 Ne6 39. Bd5 Bg3 40. Bxe6 fxe6 41.
Ke4 Bf2 42. Nd7 h6 43. Rb8 Rxb8 44. Nxb8 Kf7 45. Na6 g5 46. Nb4 Kg6 47. Nd3 Ba7
48. Ne1 h5 49. Nf3 g4 50. hxg4 hxg4 51. Nh4+ Kg5 52. Ng2 Bf2 0-1

[Event "AUTO-ADV-1178"]
[Site "http://www.queenalice.com/game.php?id=521424"]
[Date "2009.1.12"]
[Round "1"]
[White "perfrh"]
[Black "Lopesq"]
[Result "1-0"]
[WhiteElo "1840"]
[BlackElo "1817"]

1. g4 d5 2. Bg2 c6 3. g5 e6 4. d3 Be7 5. h4 Bb4+ 6. Bd2 Bxd2+ 7. Nxd2 Ne7 8. c4
Nd7 9. cxd5 cxd5 10. e4 Rb8 11. Ne2 Qa5 12. O-O Nc5 13. d4 Nd7 14. Nb3 Qd8 15.
e5 Nf5 16. Nf4 g6 17. Bh3 Nxh4 18. Nxe6 fxe6 19. Bxe6 Qxg5+ 20. Qg4 Nf3+ 21. Kh1
Qh4+ 22. Qxh4 Nxh4 23. Bxd5 Nb6 24. Be4 Bf5 25. Bxf5 Nxf5 26. Rfd1 O-O 27. Nc5
Ng7 28. d5 Rxf2 29. e6 Nf5 30. d6 Ng3+ 31. Kg1 Rxb2 32. d7 Ne2+ 33. Kf1 Ng3+ 34.
Kg1 Ne2+ 35. Kh2 Nc3+ 36. Kh3 Nxd1 37. Rxd1 Rc2 38. d8=Q+ Rxd8 39. Rxd8+ Kg7 40.
Nd7 Rc3+ 41. Kg2 Rc2+ 42. Kf1 Rc7 43. Nxb6 axb6 44. Rd7+ 1-0

[Event "AUTO-ADV-1178"]
[Site "http://www.queenalice.com/game.php?id=521425"]
[Date "2009.1.12"]
[Round "1"]
[White "Lopesq"]
[Black "perfrh"]
[Result "0-1"]
[WhiteElo "1771"]
[BlackElo "1832"]

1. d4 e6 2. Nf3 d5 3. c3 c5 4. Bf4 Nc6 5. e3 c4 6. Nbd2 Bd6 7. Bxd6 Qxd6 8. Qa4
Bd7 9. Qc2 Nf6 10. b3 b5 11. b4 a5 12. a3 a4 13. Be2 e5 14. dxe5 Nxe5 15. Nxe5
Qxe5 16. Nf3 Qe4 17. Qd1 Rd8 18. O-O O-O 19. Nd2 Qg6 20. Bf3 Ne4 21. Bh5 Qg5 22.
Bf3 Nxc3 23. Qc1 Ne4 24. g3 Bh3 25. Bg2 Bf5 26. Nf3 Qf6 27. Nd4 Bd7 28. f3 Nd6
29. Qd2 Qg6 30. Rad1 Nf5 31. Nxf5 Bxf5 32. e4 Bc8 33. exd5 Qd6 34. Rfe1 Bb7 35.
f4 Bc8 36. Kh1 Bg4 37. Rc1 Bf5 38. Re5 Bd3 39. Qe3 Qd7 40. Re1 f6 41. Re7 Qc8
42. Qa7 Rde8 43. Rxg7+ Kh8 44. Rxh7+ Bxh7 45. Re7 Rxe7 46. Qxe7 Qe8 47. d6 Qxe7
48. dxe7 Re8 49. Bc6 Rxe7 50. Bxb5 Re3 51. Bxc4 Rxa3 52. Bb5 Be4+ 53. Kg1 Ra1+
54. Kf2 a3 55. Bc4 Rc1 56. Ke3 Rxc4 57. b5 a2 0-1

[Event "AUTO-ADV-1178"]
[Site "http://www.queenalice.com/game.php?id=521426"]
[Date "2009.1.12"]
[Round "1"]
[White "perfrh"]
[Black "fabricec121"]
[Result "0-1"]
[WhiteElo "1840"]
[BlackElo "1959"]

1. g4 d5 2. Bg2 c6 3. g5 e5 4. h4 h6 5. d4 hxg5 6. Bxg5 Qb6 7. b3 Qxd4 8. Qxd4
exd4 9. c3 dxc3 10. Nxc3 Bb4 11. Bd2 Nf6 12. e3 Bf5 13. Ke2 Nbd7 14. Ne4 Bxe4
15. Bxe4 Bxd2 16. Bxd5 Bc3 17. Rc1 Nxd5 0-1

[Event "AUTO-ADV-1178"]
[Site "http://www.queenalice.com/game.php?id=521427"]
[Date "2009.1.12"]
[Round "1"]
[White "fabricec121"]
[Black "perfrh"]
[Result "1-0"]
[WhiteElo "2014"]
[BlackElo "1840"]

1. d4 e6 2. Nf3 d5 3. g3 c5 4. Bg2 Nc6 5. O-O h6 6. c4 dxc4 7. Qa4 Bd7 8. dxc5
Bxc5 9. Qxc4 Bb6 10. Nc3 Rc8 11. Ne4 Nd4 12. Nd6+ Ke7 13. Nxc8+ Qxc8 14. Qxc8
Bxc8 15. Nxd4 Bxd4 16. Bd2 Nf6 17. Bb4+ Ke8 18. Rac1 Bd7 19. Rc7 b5 20. Rb7 Nd5
21. Rb8+ 1-0

[Event "Challenge"]
[Site "http://www.queenalice.com/game.php?id=541512"]
[Date "2009.2.16"]
[Round "-"]
[White "tonycorreia"]
[Black "perfrh"]
[Result "0-1"]
[WhiteElo "1826"]
[BlackElo "1846"]

1. e4 e6 2. d4 d5 3. e5 c5 4. Bb5+ Bd7 5. Bxd7+ Nxd7 6. c3 cxd4 7. Qxd4 Bc5 8.
Qf4 Ne7 9. Nf3 Ng6 10. Qa4 O-O 11. Bf4 Qb6 12. O-O Qxb2 13. Nbd2 Nb6 14. Qb3
Qxb3 15. axb3 Nxf4 16. Ne1 Ne2+ 17. Kh1 Nxc3 18. Rc1 Bb4 19. Nc2 a5 20. Nxb4
axb4 21. Rfe1 Rac8 22. f4 Nb5 23. Rb1 Rc2 24. Re2 Rfc8 25. Rbe1 Nd4 26. Rf2 Nxb3
27. Ree2 Rxd2 28. Kg1 Rc1+ 29. Rf1 Rxe2 30. Rxc1 Nxc1 31. Kf1 Nc4 32. h4 Ne3+
33. Kg1 Ng4 34. g3 Nd3 35. h5 Ne3 36. g4 Rg2+ 0-1

[Event "Challenge"]
[Site "http://www.queenalice.com/game.php?id=541573"]
[Date "2009.2.16"]
[Round "-"]
[White "perfrh"]
[Black "Gansothedark"]
[Result "1-0"]
[WhiteElo "1861"]
[BlackElo "1554"]

1. g4 e5 2. Bg2 d5 3. c4 Bxg4 4. cxd5 Qxd5 5. Bxd5 c6 6. Qa4 Bd7 7. Bb3 c5 8.
Qc4 Na6 9. Qxf7+ Kd8 10. Qxf8+ Kc7 11. Qxa8 Kc6 12. Ba4+ Kc7 13. Bxd7 Kxd7 14.
Qxb7+ Kd6 15. Qxa6+ Kd5 16. Nc3+ Kd4 17. e3# 1-0

[Event "AUTO-ADV-1104"]
[Site "http://www.queenalice.com/game.php?id=555492"]
[Date "2009.3.13"]
[Round "2"]
[White "perfrh"]
[Black "yozzer"]
[Result "0-1"]
[WhiteElo "1888"]
[BlackElo "2126"]

1. g4 d5 2. Bg2 e5 3. h3 c6 4. d3 Ne7 5. Bg5 Qb6 6. b3 Ng6 7. h4 Bxg4 8. Bf3 h5
9. Bxg4 hxg4 10. e4 Nd7 11. Qxg4 Qd4 12. c3 Qxd3 13. exd5 Qxd5 14. Rh3 Nf6 15.
Bxf6 gxf6 16. c4 Bb4+ 17. Ke2 Qd6 18. Kf1 f5 19. Qg5 Nf4 0-1

[Event "AUTO-ADV-1104"]
[Site "http://www.queenalice.com/game.php?id=555493"]
[Date "2009.3.13"]
[Round "2"]
[White "yozzer"]
[Black "perfrh"]
[Result "1-0"]
[WhiteElo "2104"]
[BlackElo "1896"]

1. e4 e6 2. d4 d5 3. exd5 exd5 4. Nf3 Bg4 5. Nc3 Bb4 6. h3 Qe7+ 7. Be3 Bxc3+ 8.
bxc3 Bxf3 9. Qxf3 Nf6 10. Bd3 O-O 11. O-O c6 12. Rfe1 Nbd7 13. Rab1 b6 14. c4
Qa3 15. Bd2 Rae8 16. Bxh7+ 1-0